[Event "Macieja Memorial"]
[Site "Warsaw POL"]
[Date "2024.07.08"]
[Round "1.1"]
[White "Kazakouski, Valery"]
[Black "Obrycki, Tomasz"]
[Result "1-0"]
[WhiteElo "2599"]
[BlackElo "1795"]
[EventDate "2024.07.08"]
[PlyCount "40"]

1.Nf3 Nf6 2.c4 b6 3.g3 Bb7 4.Bg2 e6 5.O-O Be7 6.d4 O-O 7.Re1 d6 8.Nc3 Ne4 9.Qc2 
Nxc3 10.Ng5 Ne4 11.Bxe4 Bxe4 12.Qxe4 Bxg5 13.Qxa8 Bxc1 14.Raxc1 Qf6 15.Qxa7 
Qxd4 16.Qxc7 Qxb2 17.Qxd6 Na6 18.Rb1 Qxa2 19.Rxb6 Qa5 20.Reb1 Qf5 1-0

[Event "Macieja Memorial"]
[Site "Warsaw POL"]
[Date "2024.07.08"]
[Round "1.2"]
[White "Gol, Rafal"]
[Black "Socko, Bartosz"]
[Result "0-1"]
[WhiteElo "1792"]
[BlackElo "2552"]
[EventDate "2024.07.08"]
[PlyCount "50"]

1.c4 Nf6 2.Nc3 g6 3.Nf3 Bg7 4.g3 O-O 5.Bg2 d6 6.O-O Nc6 7.d4 Bg4 8.d5 Na5 9.Qd3 
c5 10.b3 Bf5 11.Qe3 a6 12.Nh4 Bd7 13.Rb1 b5 14.cxb5 axb5 15.Bb2 b4 16.Ne4 Nxd5 
17.Qd2 Bc6 18.Bxg7 Kxg7 19.f4 Nf6 20.Nf2 Bxg2 21.Nxg2 Nc6 22.e4 Nd4 23.Nd3 Nxe4 
24.Qe3 Nf6 25.Rbe1 Nc2 0-1

[Event "Macieja Memorial"]
[Site "Warsaw POL"]
[Date "2024.07.08"]
[Round "1.3"]
[White "Piorun, Kacper"]
[Black "Boryna, Szymon"]
[Result "1-0"]
[WhiteElo "2528"]
[BlackElo "1791"]
[EventDate "2024.07.08"]
[PlyCount "63"]

1.d4 d5 2.Bg5 Nf6 3.e3 e6 4.Bd3 Be7 5.Nd2 h6 6.Bh4 O-O 7.f4 Nbd7 8.Ngf3 c5 9.c3 
b6 10.Rg1 Bb7 11.g4 Ne4 12.Bxe7 Qxe7 13.Qe2 cxd4 14.exd4 Nxd2 15.Qxd2 Nf6 16.g5 
Ne4 17.Bxe4 dxe4 18.Ne5 h5 19.g6 Qh4+ 20.Qf2 Qxf2+ 21.Kxf2 fxg6 22.Ke3 Rf6 
23.Rxg6 Raf8 24.Rag1 Rxg6 25.Rxg6 Rf6 26.Rg5 Rf5 27.Rg1 b5 28.b3 a6 29.c4 Rf8 
30.h4 Rc8 31.Rg6 bxc4 32.bxc4 1-0

[Event "Macieja Memorial"]
[Site "Warsaw POL"]
[Date "2024.07.08"]
[Round "1.4"]
[White "Nowakowski, Maksymilian"]
[Black "Kosakowski, Jakub"]
[Result "0-1"]
[WhiteElo "1791"]
[BlackElo "2494"]
[EventDate "2024.07.08"]
[PlyCount "118"]

1.d4 d5 2.c4 e6 3.Nf3 Nf6 4.e3 a6 5.b3 Bb4+ 6.Nbd2 c5 7.Bb2 cxd4 8.exd4 O-O 
9.Bd3 Nc6 10.O-O dxc4 11.bxc4 b6 12.a3 Be7 13.Qc2 Bb7 14.Rfd1 Rc8 15.Rac1 Qc7 
16.Ne4 h6 17.h3 Rfd8 18.Nxf6+ Bxf6 19.Be4 Na5 20.Bxb7 Qxb7 21.Qe2 b5 22.cxb5 
axb5 23.Bc3 Nc4 24.Bb4 Ra8 25.Rc3 Be7 26.Ne5 Nxa3 27.Nc6 Bxb4 28.Nxb4 Nc4 
29.Rb1 Qd7 30.Nc2 Ra2 31.Qe4 Nd2 32.Qe1 Nxb1 33.Qxb1 Ra4 34.Rb3 Rc4 35.Ne3 Rxd4 
36.Rxb5 Rd2 37.Rb7 Qc6 38.Rb2 Rxb2 39.Qxb2 Rc8 40.Qe2 Qc1+ 41.Kh2 Qc7+ 42.Kg1 
Qe5 43.Qd2 Ra8 44.Nc2 h5 45.Qd1 g6 46.Qd3 Kg7 47.Qd2 Ra2 48.Qd3 Qb2 49.Qd4+ 
Qxd4 50.Nxd4 e5 51.Nf3 e4 52.Nd4 f5 53.g3 Kf6 54.h4 Ke5 55.Nc6+ Kd6 56.Nd4 Ra4 
57.Nb5+ Kc6 58.Nc3 Ra3 59.Nd1 Ra1 0-1

[Event "Macieja Memorial"]
[Site "Warsaw POL"]
[Date "2024.07.08"]
[Round "1.5"]
[White "Markowski, Tomasz"]
[Black "Galczynski, Maksymilian"]
[Result "1-0"]
[WhiteElo "2493"]
[BlackElo "1790"]
[EventDate "2024.07.08"]
[PlyCount "47"]

1.d4 Nf6 2.c4 e6 3.Nf3 c5 4.d5 b5 5.dxe6 fxe6 6.cxb5 d5 7.Nc3 Bb7 8.Bg5 Be7 
9.e3 O-O 10.Be2 h6 11.Bh4 a6 12.O-O axb5 13.Nxb5 Nc6 14.a3 e5 15.Rc1 e4 16.Nd2 
Ne5 17.Bg3 Nd3 18.Bxd3 exd3 19.Nc7 Ne4 20.Nxe4 dxe4 21.Qb3+ Kh8 22.Qxb7 Rb8 
23.Qxe4 Rxb2 24.Ne6 1-0

[Event "Macieja Memorial"]
[Site "Warsaw POL"]
[Date "2024.07.08"]
[Round "1.6"]
[White "Mroczkowski, Adam"]
[Black "Fridman, Daniel"]
[Result "0-1"]
[WhiteElo "1786"]
[BlackElo "2474"]
[EventDate "2024.07.08"]
[PlyCount "60"]

1.e4 c6 2.d4 d5 3.exd5 cxd5 4.c4 Nf6 5.Nc3 Nc6 6.Nf3 Be6 7.c5 g6 8.Be2 Bg7 
9.O-O O-O 10.h3 Ne4 11.Bf4 Rc8 12.Rc1 h6 13.Re1 Kh7 14.a3 g5 15.Bh2 f5 16.Bb5 
Bf7 17.Qd3 Bg6 18.Bxc6 bxc6 19.Ne5 Bxe5 20.Bxe5 f4 21.f3 Nxc5 22.Qe2 Nd3 
23.Rcd1 Nxe1 24.Rxe1 Rf7 25.Na4 Qd7 26.Nc5 Qf5 27.Rc1 h5 28.Kh2 Rg8 29.Qa6 g4 
30.Qxc6 gxh3 0-1

[Event "Macieja Memorial"]
[Site "Warsaw POL"]
[Date "2024.07.08"]
[Round "1.7"]
[White "Peng, Li Min"]
[Black "Serafin, Franciszek"]
[Result "1-0"]
[WhiteElo "2425"]
[BlackElo "1784"]
[EventDate "2024.07.08"]
[PlyCount "69"]

1.e4 c5 2.Nc3 e6 3.g3 Nc6 4.Bg2 g6 5.d3 Bg7 6.Be3 d6 7.Qd2 Nge7 8.Bh6 O-O 9.h4 
f6 10.h5 g5 11.Bxg7 Kxg7 12.h6+ Kg8 13.f4 Ng6 14.Nh3 g4 15.Nf2 f5 16.O-O-O Nd4 
17.Ne2 Nxe2+ 18.Qxe2 Qf6 19.exf5 exf5 20.Rhe1 Bd7 21.d4 Rfe8 22.Qc4+ Kh8 
23.dxc5 Rxe1 24.Rxe1 Rc8 25.Nd3 dxc5 26.Bxb7 Rb8 27.Nxc5 Be8 28.Re6 Qf7 29.Qd4+ 
Kg8 30.Bd5 Kf8 31.Rf6 Rd8 32.Ne6+ Ke7 33.Rxf7+ Bxf7 34.Nxd8 Kxd8 35.Bxf7+ 1-0

[Event "Macieja Memorial"]
[Site "Warsaw POL"]
[Date "2024.07.08"]
[Round "1.8"]
[White "Szlod, Wiktor"]
[Black "Nasuta, Grzegorz"]
[Result "0-1"]
[WhiteElo "1783"]
[BlackElo "2420"]
[EventDate "2024.07.08"]
[PlyCount "40"]

1.e4 c5 2.Nc3 a6 3.f4 b5 4.Nf3 Bb7 5.d3 e6 6.g3 d5 7.exd5 exd5 8.Bg2 Nf6 9.O-O 
Be7 10.a4 d4 11.Ne2 O-O 12.axb5 axb5 13.Rxa8 Bxa8 14.c3 dxc3 15.bxc3 Nbd7 
16.Kh1 Re8 17.Neg1 Nb6 18.Re1 Qd6 19.Bb2 Rd8 20.Qe2 Bf8 0-1

[Event "Macieja Memorial"]
[Site "Warsaw POL"]
[Date "2024.07.08"]
[Round "1.9"]
[White "Heberla, Bartlomiej"]
[Black "Sprzeczka, Emilia"]
[Result "1-0"]
[WhiteElo "2409"]
[BlackElo "1782"]
[EventDate "2024.07.08"]
[PlyCount "55"]

1.Nf3 Nf6 2.c4 g6 3.Nc3 c5 4.e4 Nc6 5.d4 cxd4 6.Nxd4 Nxd4 7.Qxd4 d6 8.Be2 Bg7 
9.O-O O-O 10.Qd3 Be6 11.Be3 Ng4 12.Bxg4 Bxg4 13.Bd4 Qd7 14.Bxg7 Kxg7 15.b3 a6 
16.f4 Rab8 17.h3 Bh5 18.g4 Bxg4 19.hxg4 Qxg4+ 20.Kh2 f5 21.Qh3 Qxh3+ 22.Kxh3 
fxe4 23.Nxe4 b5 24.c5 d5 25.Ng5 Rf6 26.Rae1 Rb7 27.Ne6+ Kf7 28.Nd8+ 1-0

[Event "Macieja Memorial"]
[Site "Warsaw POL"]
[Date "2024.07.08"]
[Round "1.11"]
[White "Kanarek, Marcel"]
[Black "Ishvi, Aggarwal"]
[Result "1-0"]
[WhiteElo "2389"]
[BlackElo "1775"]
[EventDate "2024.07.08"]
[PlyCount "85"]

1.e4 c5 2.Nf3 d6 3.d4 cxd4 4.Nxd4 Nf6 5.Nc3 a6 6.a4 e5 7.Nf3 Be7 8.Bc4 O-O 
9.O-O Nc6 10.Bg5 Be6 11.Ba2 Bg4 12.Bxf6 Bxf6 13.h3 Bxf3 14.Qxf3 Nd4 15.Qd3 g6 
16.Nd5 Bg7 17.c3 Ne6 18.Rfd1 Kh8 19.Ne3 Nc5 20.Qc2 Qe7 21.Nd5 Qg5 22.b4 Ne6 
23.Qd2 Qxd2 24.Rxd2 f5 25.Nb6 Rae8 26.Nd7 Rf7 27.Rxd6 fxe4 28.Bxe6 Rfe7 29.Bb3 
Bh6 30.Rad1 e3 31.fxe3 Bxe3+ 32.Kh1 Bf4 33.Nf6 Rf8 34.Rd8 Rxd8 35.Rxd8+ Kg7 
36.Ne4 Rc7 37.g3 Be3 38.Kg2 b5 39.a5 h5 40.Rd6 Ra7 41.Nc5 Bxc5 42.bxc5 Rc7 
43.c6 1-0

[Event "Macieja Memorial"]
[Site "Warsaw POL"]
[Date "2024.07.08"]
[Round "1.12"]
[White "Haladaj, Adam"]
[Black "Rajlich, Iweta"]
[Result "0-1"]
[WhiteElo "1773"]
[BlackElo "2379"]
[EventDate "2024.07.08"]
[PlyCount "103"]

1.e4 e6 2.d4 d5 3.Nd2 Be7 4.Bd3 c5 5.exd5 exd5 6.dxc5 Nf6 7.Ngf3 O-O 8.O-O Bxc5 
9.Nb3 Bb6 10.h3 Nc6 11.Bg5 h6 12.Bh4 g5 13.Bg3 Ne4 14.Bxe4 dxe4 15.Qxd8 Rxd8 
16.Ne5 f6 17.Nxc6 bxc6 18.Rfd1 Bf5 19.c3 Rd3 20.Kf1 Rad8 21.Ke2 Bg6 22.Rxd3 
Rxd3 23.Rd1 Bh5+ 24.f3 Rxd1 25.Kxd1 exf3 26.gxf3 Bxf3+ 27.Ke1 Kf7 28.Bf2 Bg2 
29.Bxb6 axb6 30.Nd4 c5 31.Nb5 Bxh3 32.Nd6+ Ke7 33.Nc4 b5 34.Na3 Bd7 35.b4 cxb4 
36.cxb4 h5 37.Kf2 h4 38.Nc2 Kd6 39.Nd4 Ke5 40.Nf3+ Kf4 41.a3 g4 42.Nxh4 g3+ 
43.Kg1 Bc6 44.Ng6+ Kg5 45.Ne7 Be4 46.Nc8 f5 47.Nd6 Bc6 48.Nf7+ Kf4 49.Nd6 Ke5 
50.Nc8 f4 51.Ne7 Be4 52.Nc8 0-1

[Event "Macieja Memorial"]
[Site "Warsaw POL"]
[Date "2024.07.08"]
[Round "1.13"]
[White "Klimkowski, Jan"]
[Black "Obukhava, Anastasiya"]
[Result "1-0"]
[WhiteElo "2372"]
[BlackElo "1770"]
[EventDate "2024.07.08"]
[PlyCount "67"]

1.e4 c5 2.Nf3 d6 3.Bb5+ Bd7 4.Bxd7+ Nxd7 5.c3 Ngf6 6.Qe2 Qc7 7.O-O g6 8.d4 cxd4 
9.cxd4 Bg7 10.Nc3 Nb6 11.e5 dxe5 12.dxe5 Nh5 13.g4 Qd7 14.gxh5 Qg4+ 15.Kh1 Qxh5 
16.Bf4 h6 17.Bg3 g5 18.Nd4 Qg6 19.Qe4 Qxe4+ 20.Nxe4 O-O 21.Nf5 e6 22.Nxg7 Kxg7 
23.f4 Nd5 24.fxg5 hxg5 25.Nxg5 Ne3 26.Rf3 Nf5 27.Ne4 Rh8 28.Rg1 Kf8 29.Nd6 Nxd6 
30.exd6 Ke8 31.Rc1 Rd8 32.Rc7 Rd7 33.Rxd7 Kxd7 34.Rxf7+ 1-0

[Event "Macieja Memorial"]
[Site "Warsaw POL"]
[Date "2024.07.08"]
[Round "1.14"]
[White "Komisarski, Jerzy"]
[Black "Johannesson, Ingvar Thor"]
[Result "0-1"]
[WhiteElo "1770"]
[BlackElo "2365"]
[EventDate "2024.07.08"]
[PlyCount "91"]

1.d4 Nf6 2.Bg5 e6 3.e4 h6 4.Bxf6 Qxf6 5.c3 d6 6.Bc4 Qg6 7.Qf3 Nc6 8.Ne2 Be7 
9.O-O O-O 10.Nd2 e5 11.d5 Nd8 12.Ng3 Bg4 13.Qd3 Bd7 14.Nf5 Bg5 15.Nf3 Bf6 
16.Qc2 h5 17.N3h4 Qh7 18.Bd3 g6 19.Nxd6 cxd6 20.Nf3 Rc8 21.Nd2 Be7 22.f4 exf4 
23.Rxf4 Bg5 24.Rff1 b5 25.Nf3 Be3+ 26.Kh1 Qg7 27.a3 Bf4 28.Qe2 a6 29.Nd4 Be5 
30.Nf3 Nb7 31.Nxe5 Qxe5 32.Rf2 Nc5 33.Bc2 Rce8 34.Re1 Re7 35.b4 Nb7 36.c4 bxc4 
37.Qxc4 Bb5 38.Qb3 Rc8 39.Bd3 Rc3 40.Qd1 Rxd3 41.Qc1 Rc3 42.Qh6 Qg7 43.Qg5 Rec7 
44.h3 Rxa3 45.Rf6 Rac3 46.e5 0-1

[Event "Macieja Memorial"]
[Site "Warsaw POL"]
[Date "2024.07.08"]
[Round "1.15"]
[White "Seemann, Jakub"]
[Black "Wasiluk, Mateusz"]
[Result "1-0"]
[WhiteElo "2358"]
[BlackElo "1767"]
[EventDate "2024.07.08"]
[PlyCount "75"]

1.d4 Nf6 2.c4 g6 3.g3 Bg7 4.Bg2 O-O 5.Nc3 d6 6.Nf3 c5 7.dxc5 dxc5 8.Qxd8 Rxd8 
9.Ne5 Nc6 10.Nxc6 bxc6 11.Bxc6 Rb8 12.O-O Bb7 13.Bg2 Bxg2 14.Kxg2 Rb4 15.Be3 
Rxc4 16.Rfd1 Rb8 17.Bf4 Re8 18.Rac1 e5 19.Bg5 Ng4 20.Nd5 Rxc1 21.Rxc1 f6 22.h3 
Nxf2 23.Bxf6 Ne4 24.Bxg7 Kxg7 25.Rc4 Nd6 26.Rxc5 Rc8 27.Ra5 Nb7 28.Rxa7 Rb8 
29.Nb4 Kf6 30.Na6 Rc8 31.Rxb7 Rc2 32.Kf3 e4+ 33.Ke3 Rc6 34.Nb4 Re6 35.Nd5+ Ke5 
36.Nf4 Ra6 37.Rb5+ Kf6 38.Rb6+ 1-0

[Event "Macieja Memorial"]
[Site "Warsaw POL"]
[Date "2024.07.08"]
[Round "1.16"]
[White "Figa, Karolina"]
[Black "Sengupta, Deep"]
[Result "0-1"]
[WhiteElo "1764"]
[BlackElo "2350"]
[EventDate "2024.07.08"]
[PlyCount "86"]

1.d4 e6 2.c4 b6 3.Nc3 Bb7 4.e4 Bb4 5.Bd3 f5 6.d5 fxe4 7.Bxe4 Nf6 8.Bf3 Bxc3+ 
9.bxc3 e5 10.Bg5 d6 11.Ne2 O-O 12.Bxf6 Qxf6 13.O-O Nd7 14.Ng3 Nc5 15.Qc2 g6 
16.Ne4 Nxe4 17.Bxe4 a5 18.Qd3 Ba6 19.a4 Qg5 20.Qe2 Rf4 21.Bd3 Raf8 22.f3 h5 
23.Rae1 Kg7 24.Kh1 h4 25.Qd2 Bc8 26.Re4 Bd7 27.Qc2 h3 28.Rxf4 hxg2+ 29.Qxg2 
Qxg2+ 30.Kxg2 Rxf4 31.Ra1 Bf5 32.Be2 Bc2 33.Kf2 g5 34.Ke3 Rh4 35.Rg1 Kf6 36.Bd1 
Bxd1 37.Rxd1 Rxc4 38.Kd3 Rxa4 39.c4 Ra2 40.Rd2 Rxd2+ 41.Kxd2 Kf5 42.Kd3 Kf4 
43.Ke2 a4 0-1

[Event "Macieja Memorial"]
[Site "Warsaw POL"]
[Date "2024.07.08"]
[Round "1.17"]
[White "Bogdanov, Egor"]
[Black "Brudzynski, Wojciech"]
[Result "1-0"]
[WhiteElo "2349"]
[BlackElo "1757"]
[EventDate "2024.07.08"]
[PlyCount "35"]

1.e4 c5 2.c3 Nf6 3.e5 Nd5 4.d4 cxd4 5.Nf3 d6 6.cxd4 Nc6 7.Bc4 dxe5 8.Bxd5 Qxd5 
9.Nc3 Qd8 10.d5 Nb8 11.Nxe5 e6 12.O-O Bd6 13.Qa4+ Bd7 14.Nxd7 Qxd7 15.dxe6 fxe6 
16.Qxd7+ Nxd7 17.Rd1 Kf7 18.Rxd6 1-0

[Event "Macieja Memorial"]
[Site "Warsaw POL"]
[Date "2024.07.08"]
[Round "1.18"]
[White "Fraczek, Lukasz"]
[Black "Malek, Jan"]
[Result "0-1"]
[WhiteElo "1755"]
[BlackElo "2344"]
[EventDate "2024.07.08"]
[PlyCount "84"]

1.e4 e6 2.b3 d5 3.Bb2 Nc6 4.exd5 exd5 5.Nf3 Nf6 6.Be2 Bd6 7.O-O O-O 8.d3 Re8 
9.Re1 a5 10.Nbd2 a4 11.Nd4 a3 12.Nxc6 bxc6 13.Bd4 c5 14.Bxf6 Qxf6 15.c4 c6 
16.Nf3 Bf5 17.d4 Be4 18.cxd5 cxd5 19.dxc5 Bxc5 20.Bd3 Qb6 21.Re2 Rac8 22.Ng5 
Qg6 23.Nxe4 dxe4 24.Bc4 h5 25.Qc1 h4 26.h3 Bd6 27.Qc3 Be5 28.Qc1 Bxa1 29.Qxa1 
Rcd8 30.Qc1 Qd6 31.Re1 Qd2 32.Qb1 e3 33.fxe3 Rxe3 34.Rxe3 Qxe3+ 35.Kh1 Qf4 
36.Kg1 Qd4+ 37.Kh1 Qd1+ 38.Qxd1 Rxd1+ 39.Kh2 Rd2 40.b4 Rb2 41.Bb3 Rxb3 42.axb3 
a2 0-1

[Event "Macieja Memorial"]
[Site "Warsaw POL"]
[Date "2024.07.08"]
[Round "1.19"]
[White "Mis, Mieszko"]
[Black "Wiatrowski, Blazej"]
[Result "1-0"]
[WhiteElo "2344"]
[BlackElo "1750"]
[EventDate "2024.07.08"]
[PlyCount "49"]

1.Nf3 Nf6 2.c4 g6 3.b3 Bg7 4.Bb2 d6 5.g3 O-O 6.Bg2 e5 7.O-O Nc6 8.d3 Bd7 9.Nc3 
Ne8 10.Qd2 f5 11.Rad1 f4 12.Nd5 g5 13.b4 a6 14.a4 Nf6 15.Nxg5 Nxd5 16.Bxd5+ Kh8 
17.Nf7+ Rxf7 18.Bxf7 Qe7 19.Bd5 Bh3 20.Bg2 Bg4 21.b5 Nd8 22.Bc3 Ne6 23.Bxb7 Rb8 
24.bxa6 Nc5 25.a7 1-0

[Event "Macieja Memorial"]
[Site "Warsaw POL"]
[Date "2024.07.08"]
[Round "1.20"]
[White "Malowidzki, Maciej"]
[Black "Zawadzka, Beata"]
[Result "0-1"]
[WhiteElo "1749"]
[BlackElo "2329"]
[EventDate "2024.07.08"]
[PlyCount "51"]

1.d4 f5 2.Nc3 d5 3.g3 c6 4.Bg2 Be6 5.Nf3 Nf6 6.O-O g6 7.Ne5 Bg7 8.Bg5 Nbd7 
9.Qd2 Nxe5 10.dxe5 Nd7 11.f3 Nxe5 12.e4 dxe4 13.fxe4 Qxd2 14.Bxd2 O-O-O 15.Rad1 
Nc4 16.Bc1 Bd4+ 17.Kh1 Ne3 18.Bxe3 Bxe3 19.Bh3 Rxd1 20.Nxd1 Bb6 21.exf5 Bxf5 
22.Bxf5+ gxf5 23.Rxf5 Kd7 24.Kg2 Ke6 25.Rf3 Rd8 26.Nc3 0-1

[Event "Macieja Memorial"]
[Site "Warsaw POL"]
[Date "2024.07.08"]
[Round "1.21"]
[White "Zatonskih, Anna"]
[Black "Stanczuk, Maciej"]
[Result "1-0"]
[WhiteElo "2324"]
[BlackElo "1747"]
[EventDate "2024.07.08"]
[PlyCount "99"]

1.e4 e5 2.Nf3 Nc6 3.Bb5 a6 4.Ba4 Nf6 5.O-O b5 6.Bb3 Bc5 7.d3 d6 8.a4 Rb8 9.Nc3 
h6 10.Be3 Nd4 11.Bxd4 Bxd4 12.Nxd4 exd4 13.Ne2 c5 14.axb5 axb5 15.c3 dxc3 
16.bxc3 O-O 17.Ng3 Be6 18.d4 Bxb3 19.Qxb3 Re8 20.Rfe1 b4 21.dxc5 dxc5 22.cxb4 
Rxb4 23.Qc2 Qd4 24.Rad1 Qc4 25.Qxc4 Rxc4 26.f3 g6 27.Rc1 Rxc1 28.Rxc1 Rc8 
29.Kf2 Kf8 30.Ke3 Ke7 31.Nf1 Ke6 32.Nd2 Nd7 33.Ra1 Rc6 34.Kd3 Ne5+ 35.Kc3 f5 
36.Ra8 Kf6 37.f4 Ng4 38.e5+ Ke6 39.Nb3 Ne3 40.g3 g5 41.Ra5 gxf4 42.gxf4 Kd5 
43.Ra8 Ke4 44.e6 Nd5+ 45.Kc4 Nb6+ 46.Kb5 Nd5 47.Nxc5+ Rxc5+ 48.Kxc5 Nxf4 49.e7 
Nd3+ 50.Kb5 1-0

[Event "Macieja Memorial"]
[Site "Warsaw POL"]
[Date "2024.07.08"]
[Round "1.22"]
[White "Swara, Lakshmi S Nair"]
[Black "Gdanski, Jacek"]
[Result "0-1"]
[WhiteElo "1746"]
[BlackElo "2315"]
[EventDate "2024.07.08"]
[PlyCount "90"]

1.e4 e6 2.d4 d5 3.Nd2 c5 4.Ngf3 Nc6 5.exd5 exd5 6.Bb5 cxd4 7.O-O Bd6 8.Nxd4 Ne7 
9.N2f3 O-O 10.c3 h6 11.h3 Bd7 12.Bd3 Ng6 13.Qb3 Nce5 14.Qxd5 Qf6 15.Nxe5 Nxe5 
16.Bc2 Rad8 17.Qxb7 Bc5 18.Qe4 Ng6 19.Be3 Rfe8 20.Qf3 Bxd4 21.Bxd4 Qxf3 22.gxf3 
Nf4 23.Rfe1 Bxh3 24.Ba4 Re6 25.Rxe6 Bxe6 26.Re1 Rd5 27.Re5 Rxe5 28.Bxe5 Nd3 
29.Bd4 Nxb2 30.Bb3 a6 31.Kf1 h5 32.f4 g6 33.Kg2 Kf8 34.Bf6 Ke8 35.Kg3 Kd7 
36.Kh4 Bxb3 37.axb3 Nd3 38.Kg3 Nc5 39.Kh4 Ke6 40.b4 Kxf6 41.bxc5 Ke6 42.Kg5 a5 
43.f5+ gxf5 44.Kxh5 a4 45.Kg5 a3 0-1

[Event "Macieja Memorial"]
[Site "Warsaw POL"]
[Date "2024.07.08"]
[Round "1.23"]
[White "Kacprzak, Karol"]
[Black "Krogulski, Maksymilian"]
[Result "1-0"]
[WhiteElo "2308"]
[BlackElo "1746"]
[EventDate "2024.07.08"]
[PlyCount "59"]

1.e4 c5 2.Nf3 e6 3.d4 cxd4 4.Nxd4 Nc6 5.Nc3 Qc7 6.Be3 a6 7.g4 Nf6 8.g5 Ng8 9.f4 
Bb4 10.Nxc6 bxc6 11.Qd4 Bxc3+ 12.Qxc3 f6 13.O-O-O Rb8 14.Rg1 Kf7 15.Be2 g6 
16.Kb1 h6 17.gxf6 Nxf6 18.Bd4 Qd8 19.f5 Nxe4 20.fxg6+ Kg8 21.Qf3 Qe7 22.Qxe4 c5 
23.Bxh8 Bb7 24.Qe5 Rf8 25.Rdf1 Bd5 26.Rf7 Rxf7 27.gxf7+ Kxf7 28.Bh5+ Kf8 
29.Qf4+ Qf6 30.Qxf6# 1-0

[Event "Macieja Memorial"]
[Site "Warsaw POL"]
[Date "2024.07.08"]
[Round "1.24"]
[White "Burdzy, Joanna"]
[Black "Kacprzak, Kacper"]
[Result "0-1"]
[WhiteElo "1746"]
[BlackElo "2297"]
[EventDate "2024.07.08"]
[PlyCount "122"]

1.d4 Nf6 2.Nf3 d5 3.e3 c5 4.c3 Nbd7 5.Bd3 e6 6.O-O Bd6 7.Nbd2 O-O 8.dxc5 Nxc5 
9.Bc2 e5 10.Re1 Bg4 11.e4 dxe4 12.Nxe4 Nfxe4 13.Bxe4 Nxe4 14.Rxe4 Bf5 15.Re1 f6 
16.Qb3+ Rf7 17.Nh4 Bd7 18.Qxb7 Be6 19.Qf3 f5 20.Qh5 e4 21.Bg5 Qb6 22.Be3 Qxb2 
23.Bd4 Bf8 24.Rab1 Qa3 25.Rb5 Qxa2 26.Nxf5 Bxf5 27.Rxf5 g6 28.Rg5 Bg7 29.Qe2 
Qxe2 30.Rxe2 Bxd4 31.cxd4 Rc7 32.g3 Re7 33.Ra5 Kf7 34.d5 Kf6 35.Kg2 Ke5 36.f3 
Kd6 37.fxe4 Rb8 38.Ra6+ Ke5 39.Kf3 Rf7+ 40.Kg2 g5 41.Re6+ Kd4 42.d6 g4 43.e5 
Kd3 44.Re1 Rb2+ 45.Kg1 Rff2 46.Rd1+ Ke4 47.Re1+ Kd5 48.Re8 Rg2+ 49.Kh1 Rxh2+ 
50.Kg1 Rbg2+ 51.Kf1 Ra2 52.Rd1+ Ke4 53.Re1+ Kf3 54.Rf8+ Kxg3 55.Re3+ Kh4 56.Kg1 
Rhg2+ 57.Kf1 Rh2 58.Kg1 g3 59.Re4+ Kh3 60.Re1 Rag2+ 61.Kf1 Rh1# 0-1

[Event "Macieja Memorial"]
[Site "Warsaw POL"]
[Date "2024.07.08"]
[Round "1.25"]
[White "Socko, Monika"]
[Black "Ingielewicz, Konrad"]
[Result "1-0"]
[WhiteElo "2288"]
[BlackElo "1745"]
[EventDate "2024.07.08"]
[PlyCount "77"]

1.d4 Nf6 2.Nf3 d5 3.g3 e6 4.Bg2 c5 5.O-O Nc6 6.a3 Bd6 7.dxc5 Bxc5 8.c4 dxc4 
9.Qa4 O-O 10.Qxc4 Be7 11.Nc3 Qb6 12.b4 Bd7 13.Be3 Qd8 14.Rfd1 Rc8 15.Qb3 a6 
16.Rac1 Qe8 17.Bf4 b5 18.h3 Bd8 19.Bd6 Be7 20.Bf4 Bd8 21.Bg5 h6 22.Bxf6 Bxf6 
23.Ne4 Be7 24.Nc5 Bxc5 25.Rxc5 Ne7 26.Qc2 Rxc5 27.Qxc5 Nd5 28.Ne5 Bc8 29.Nc6 
Bb7 30.Bxd5 exd5 31.Ne7+ Kh8 32.e3 Kh7 33.Kh2 f5 34.Nxd5 Rf7 35.Rd4 Qe6 36.Nf4 
Qe7 37.Qxe7 Rxe7 38.Nd5 Rd7 39.Nf6+ 1-0

[Event "Macieja Memorial"]
[Site "Warsaw POL"]
[Date "2024.07.08"]
[Round "1.26"]
[White "Kaszuba, Michal"]
[Black "Czernek, Tymon"]
[Result "0-1"]
[WhiteElo "1745"]
[BlackElo "2253"]
[EventDate "2024.07.08"]
[PlyCount "74"]

1.d4 Nf6 2.Nf3 e6 3.e3 Be7 4.Bd3 O-O 5.O-O d5 6.b3 b6 7.Bb2 Bb7 8.Nbd2 Nbd7 
9.Rc1 c5 10.Ne5 Rc8 11.f4 Ne4 12.Nxe4 dxe4 13.Bb5 Nf6 14.c3 a6 15.Be2 Nd5 
16.Qd2 cxd4 17.exd4 Bd6 18.g3 Qc7 19.Nc4 Be7 20.Ne3 Rfd8 21.Nxd5 Rxd5 22.Qe3 
Rdd8 23.Rfd1 f6 24.c4 e5 25.fxe5 fxe5 26.Bg4 Rb8 27.Be6+ Kh8 28.Bd5 Bxd5 
29.cxd5 Qd7 30.Qxe4 Bg5 31.Rc2 exd4 32.Qxd4 Re8 33.d6 Be3+ 34.Kg2 Bxd4 35.Rxd4 
Rbc8 36.Rdc4 Rxc4 37.Rxc4 Re2+ 0-1

[Event "Macieja Memorial"]
[Site "Warsaw POL"]
[Date "2024.07.08"]
[Round "1.27"]
[White "Bartel, Michal"]
[Black "Mocny, Stanislaw"]
[Result "1-0"]
[WhiteElo "2250"]
[BlackElo "1738"]
[EventDate "2024.07.08"]
[PlyCount "82"]

1.e4 e5 2.Nc3 Nc6 3.g3 g6 4.Bg2 Bg7 5.Nge2 Nge7 6.O-O O-O 7.d3 d6 8.Be3 Re8 
9.d4 exd4 10.Nxd4 Bd7 11.Re1 Nc8 12.Qd2 Nb6 13.b3 a5 14.a4 Nb4 15.Rad1 Bg4 
16.f3 Bd7 17.Ndb5 Nc8 18.Bd4 Ne7 19.Bxg7 Kxg7 20.f4 Nec6 21.e5 Bg4 22.Rc1 dxe5 
23.Qxd8 Raxd8 24.Nxc7 Re7 25.N7d5 Red7 26.Ne3 Bf5 27.fxe5 Rd2 28.g4 Bxc2 29.Nc4 
Nd3 30.Nxd2 Nxe1 31.Rxe1 Rxd2 32.e6 fxe6 33.Bxc6 bxc6 34.Rxe6 Bxb3 35.Rxc6 Rd3 
36.Kf2 Rd4 37.g5 Bxa4 38.Ke3 Bxc6 39.Kxd4 Kf7 40.Kc5 Be8 41.Ne4 Ke6 1-0

[Event "Macieja Memorial"]
[Site "Warsaw POL"]
[Date "2024.07.08"]
[Round "1.28"]
[White "Prus, Marek"]
[Black "Kokoszczynski, Jan"]
[Result "0-1"]
[WhiteElo "1737"]
[BlackElo "2243"]
[EventDate "2024.07.08"]
[PlyCount "53"]

1.e4 c6 2.Nc3 d5 3.f4 dxe4 4.Nxe4 Nf6 5.Nf2 Bf5 6.Nf3 h6 7.d4 e6 8.Bd3 Bxd3 
9.Nxd3 Nbd7 10.O-O c5 11.c3 cxd4 12.Nxd4 Bc5 13.Kh1 Bxd4 14.cxd4 O-O 15.Be3 Nd5 
16.Bg1 N7f6 17.f5 exf5 18.Rxf5 Rc8 19.Rc1 Qd7 20.Rxc8 Rxc8 21.Re5 b6 22.Qe2 Qa4 
23.b3 Qd7 24.Bf2 Nc3 25.Qe1 Nxa2 26.Re7 Qf5 27.Rxa7 0-1

[Event "Macieja Memorial"]
[Site "Warsaw POL"]
[Date "2024.07.08"]
[Round "1.32"]
[White "Stachniak, Stanislaw"]
[Black "Sriram, Jha"]
[Result "0-1"]
[WhiteElo "1733"]
[BlackElo "2191"]
[EventDate "2024.07.08"]
[PlyCount "79"]

1.Nf3 c5 2.c4 g6 3.Nc3 Bg7 4.g3 Nc6 5.Bg2 d6 6.O-O Bf5 7.d3 Qd7 8.Re1 Bh3 9.e3 
Bxg2 10.Kxg2 Nf6 11.d4 O-O 12.dxc5 dxc5 13.Qxd7 Nxd7 14.Bd2 Rfd8 15.Rad1 Nde5 
16.Nxe5 Nxe5 17.Nd5 e6 18.Nf4 Nxc4 19.Bc3 Nxb2 20.Bxb2 Bxb2 21.Nd3 Bc3 22.Rf1 
b6 23.Kf3 Rd7 24.Nf4 Rad8 25.Ke2 Kg7 26.Rxd7 Rxd7 27.Rc1 Rd2+ 28.Kf3 Be5 29.a4 
Bxf4 30.gxf4 Ra2 31.Rc4 Kf6 32.e4 Ke7 33.e5 Kd7 34.h4 h5 35.Kg3 Kc6 36.f3 Kd5 
37.Rc1 Rxa4 38.Rd1+ Rd4 39.Ra1 a5 40.Rb1 0-1

[Event "Macieja Memorial"]
[Site "Warsaw POL"]
[Date "2024.07.08"]
[Round "1.33"]
[White "Zawadzka, Jolanta"]
[Black "Czech, Franciszek"]
[Result "1-0"]
[WhiteElo "2185"]
[BlackElo "1730"]
[EventDate "2024.07.08"]
[PlyCount "35"]

1.e4 c5 2.Nf3 e6 3.d4 cxd4 4.Nxd4 Nc6 5.Nb5 d6 6.c4 Nf6 7.N1c3 a6 8.Nd4 Be7 
9.Be2 O-O 10.O-O Bd7 11.Be3 Rc8 12.Rc1 e5 13.Nc2 Be6 14.f3 Nd7 15.Nd5 Bxd5 
16.Qxd5 Nc5 17.Rfd1 Ne6 18.b4 1-0

[Event "Macieja Memorial"]
[Site "Warsaw POL"]
[Date "2024.07.08"]
[Round "1.34"]
[White "Izafatava, Kira"]
[Black "Karwowski, Kacper"]
[Result "0-1"]
[WhiteElo "1728"]
[BlackElo "2184"]
[EventDate "2024.07.08"]
[PlyCount "108"]

1.e4 c5 2.Nf3 e6 3.d4 cxd4 4.Nxd4 Nf6 5.Nc3 Nc6 6.Be2 Bb4 7.O-O Bxc3 8.bxc3 
Nxe4 9.Bd3 d5 10.Ba3 Qa5 11.Qc1 Nxc3 12.Nb3 Qc7 13.Qg5 f6 14.Qd2 d4 15.Rfe1 Kf7 
16.Nc5 b6 17.Ne4 Nxe4 18.Bxe4 Bb7 19.Bxc6 Qxc6 20.f3 e5 21.Rac1 Rac8 22.Qd3 Qc3 
23.Kf2 Qxd3 24.cxd3 Ba6 25.Ke2 h5 26.Kd2 h4 27.h3 g5 28.Bb2 Rc5 29.Rxc5 bxc5 
30.Ba3 c4 31.dxc4 Bxc4 32.Rc1 Bxa2 33.Rc7+ Kg6 34.Rxa7 Bc4 35.Rc7 Bf1 36.Rc6 
Re8 37.Bc1 Bxg2 38.Ke2 Bxh3 39.Kf2 Bf5 40.Bd2 h3 41.Kg3 Rh8 42.Kh2 g4 43.fxg4 
Bxg4 44.Bb4 Bf3 45.Rb6 Kf5 46.Be7 Rh6 47.Ra6 d3 48.Rd6 Be2 49.Bd8 e4 50.Bb6 Kf4 
51.Bc7 Kf3 52.Bb6 Rg6 53.Bd4 d2 54.Bc3 d1=Q 0-1